Радиационные дефекты и их комплексы в облученном ионами оксиде алюминия; Физические и физико-химические основы ионной имплантации

Detalhes bibliográficos
Parent link:Физические и физико-химические основы ионной имплантации.— 2000.— С. 82-83
Autor principal: Кабышев А. В. Александр Васильевич
Outros Autores: Конусов Ф. В. Федор Валерьевич, Лопатин В. В. Владимир Васильевич
Resumo:В фонде НТБ ТПУ отсутствует
Idioma:russo
Publicado em: 2000
Assuntos:
Formato: Capítulo de Livro
KOHA link:https://koha.lib.tpu.ru/cgi-bin/koha/opac-detail.pl?biblionumber=601239

MARC

LEADER 00000naa0a2200000 4500
001 601239
005 20250213122657.0
035 |a (RuTPU)RU\TPU\tpu\25960 
035 |a RU\TPU\tpu\25942 
090 |a 601239 
100 |a 20141028d2000 k y0rusy50 ca 
101 0 |a rus 
102 |a RU 
200 1 |a Радиационные дефекты и их комплексы в облученном ионами оксиде алюминия  |f А. В. Кабышев, Ф. В. Конусов, В. В. Лопатин 
333 |a В фонде НТБ ТПУ отсутствует 
463 |t Физические и физико-химические основы ионной имплантации  |o V Всероссийский семинар, 11-13 октября 2000 г. : тезисы докладов  |v С. 82-83  |d 2000 
610 1 |a труды учёных ТПУ 
700 1 |a Кабышев  |b А. В.  |c специалист в области электроэнергетики  |c профессор Томского политехнического университета, доктор физико-математических наук  |f 1958-  |g Александр Васильевич  |3 (RuTPU)RU\TPU\pers\27068 
701 1 |a Конусов  |b Ф. В.  |c физик  |c ведущий инженер Томского политехнического университета, кандидат физико-математических наук  |f 1958-  |g Федор Валерьевич  |3 (RuTPU)RU\TPU\pers\30120  |9 14526 
701 1 |a Лопатин  |b В. В.  |c электрофизик  |c доктор физико-математических наук, профессор Томского политехнического университета, заместитель директора по научной работе ИФВТ ТПУ  |f 1947-  |g Владимир Васильевич  |3 (RuTPU)RU\TPU\pers\20662 
801 1 |a RU  |b 63413507  |c 20141023 
801 2 |a RU  |b 63413507  |c 20141028  |g RCR 
942 |c BK